Normal view
MARC view
Entry Nombre corporativo
001 - NÚMERO DE CONTROL
- campo de control: 186127
003 - IDENTIFICADOR DEL NÚMERO DE CONTROL
- campo de control: CHAP
005 - FECHA Y HORA DE LA ÚLTIMA TRANSACCIÓN
- campo de control: 20230123174628.0
008 - DATOS DE LONGITUD FIJA
- campo de control de longitud fija: 230123|| aca||aabn | a|a d
040 ## - FUENTE DE LA CATALOGACIÓN
- Centro catalogador/agencia de origen: mxchpua
110 1# - ENCABEZAMIENTO-NOMBRE DE ENTIDAD CORPORATIVA
- Nombre de entidad corporativa o nombre de jurisdicción como elemento de entrada: La organización de exportación de queso Dinamarca
